[Event "AUS-ch U18"]
[Site "Adelaide"]
[Date "1998.01.12"]
[Round "1"]
[White "Stefan, Vladimir"]
[Black "Tan, Justin"]
[Result "0-1"]
[WhiteElo "1156"]
[BlackElo "1722"]
[PlyCount "50"]
[EventDate "1998.01.12"]
[EventType "swiss"]
[EventRounds "11"]
[EventCountry "AUS"]
[SourceTitle "EXT 2024"]
[Source "ChessBase"]
[SourceDate "2023.10.10"]
[SourceVersion "1"]
[SourceVersionDate "2023.10.10"]
[SourceQuality "1"]

1. d4 e6 2. c4 f5 3. Nf3 Nf6 4. Bg5 Be7 5. Nc3 0-0 6. e3 b6 7. Bd3 Bb7 8. Qe2 Ne4 9. Bxe7 Qxe7 10. Bxe4 fxe4 11. Nd2 d5 12. cxd5 exd5 13. f3 exf3 14. Nxf3 Nd7 15. Rd1 Rae8 16. Kf2 Nf6 17. Rhe1 Ng4+ 18. Kg1 Qxe3+ 19. Qxe3 Nxe3 20. Rc1 c6 21. Ne5 Nf5 22. Ne2 Rf6 23. b4 Ba6 24. Rcd1 Bxe2 25. Rxe2 Rfe6 0-1